Microalgas: cultivo y aplicaciones

Guardat en:
Dades bibliogràfiques
Autors principals: Abalde, Julio (Autor), Cid, Angeles (Autor), Fidalgo, J. Pablo (Autor), Torres, Enrique (Autor), Herrero, Concepción (Autor)
Format: Llibre
Idioma:espanyol
Publicat: La Coruña Universidad de La Coruña 1995
Col·lecció:Monografías, 26
Matèries:
Etiquetes: Afegir etiqueta
Sense etiquetes, Sigues el primer a etiquetar aquest registre!

MARC

LEADER 00000nam a2200000 a 4500
001 UCO7702
003 CL-VaPUC
008 001117e19950000SP |||||||||||||||||spa|d
082 0 4 |a 639.89  |b ABA  |2 21 
100 0 |a Abalde, Julio  |e author  |9 452362 
700 0 |a Cid, Angeles  |e author  |9 452363 
700 0 |a Fidalgo, J. Pablo  |e author  |9 452364 
700 0 |a Torres, Enrique  |e author  |9 452365 
700 0 |a Herrero, Concepción  |e author  |9 452366 
245 1 0 |a Microalgas: cultivo y aplicaciones 
300 |a 210 p 
942 |c BK 
945 |d 20001117 00:00:00  |a vberengu 
260 |a La Coruña  |b Universidad de La Coruña  |c 1995 
650 7 |a MICROALGAS  |2 CL-VaPUC  |9 350422 
650 0 |a Acuicultura  |9 258883 
650 0 |a Algicultura (Cultivo de algas)  |9 407638 
650 7 |a SISTEMAS DE CULTIVO  |2 CL-VaPUC  |9 364794 
583 |a last modification  |c 20001117 00:00:00  |k Rodrigo Vera 
490 0 |a Monografías, 26 
999 |c 292583  |d 292581 
952 |0 0  |1 0  |4 0  |6 639_890000000000000_ABA_1995  |7 0  |8 CCM  |9 343543  |a BIBCUR  |b BIBCUR  |d 2019-11-20  |i 3666255  |l 2  |o 639.89 ABA 1995  |p 3666255  |r 2025-04-25  |s 2025-04-25  |w 2019-11-20  |y BK_R  |k RNT